| 000 | 01465nam a2200349Ia 4500 | ||
|---|---|---|---|
| 001 | ebr10178097 | ||
| 003 | CaPaEBR | ||
| 006 | m u | ||
| 007 | cr cn||||||||| | ||
| 008 | 060911s2006 nyua sb 001 0 eng c | ||
| 020 | _z9780765614865 : | ||
| 020 | _z0765614863 : | ||
| 040 |
_aCaPaEBR _cCaPaEBR |
||
| 035 | _a(OCoLC)228172938 | ||
| 050 | 1 | 4 |
_aT58.6 _b.H835 2006eb |
| 082 | 0 | 4 |
_a658.4038011 _222 |
| 084 |
_a54.59 _2bcl |
||
| 245 | 0 | 0 |
_aHuman-computer interaction and management information systems _h[electronic resource] : _bfoundations / _cPing Zhang, Dennis Galletta, editors ; foreword by Ben Shneiderman. |
| 260 |
_aArmonk, N.Y. ; _aLondon : _bM.E. Sharpe, _cc2006. |
||
| 300 |
_axi, 450 p. : _bill. |
||
| 490 | 1 |
_aAdvances in management information systems, _x1554-6152 ; _vv. 5 |
|
| 504 | _aIncludes bibliographical references and index. | ||
| 533 |
_aElectronic reproduction. _bPalo Alto, Calif. : _cebrary, _d2011. _nAvailable via World Wide Web. _nAccess may be limited to ebrary affiliated libraries. |
||
| 650 | 0 | _aManagement information systems. | |
| 650 | 0 | _aHuman-computer interaction. | |
| 655 | 7 |
_aElectronic books. _2local |
|
| 700 | 1 |
_aZhang, Ping, _d1963- |
|
| 700 | 1 | _aGalletta, Dennis F. | |
| 710 | 2 | _aebrary, Inc. | |
| 830 | 0 |
_aAdvances in management information systems ; _vv. 5. |
|
| 856 | 4 | 0 |
_uhttp://site.ebrary.com/lib/rucke/Doc?id=10178097 _zAn electronic book accessible through the World Wide Web; click to view |
| 999 |
_c140666 _d140666 |
||